000 00778nam a2200265Ia 4500
003 OSt
005 20221006160304.0
006 a|||||r|||| 00| 0
007 ta
008 221006b |||||||| |||| 00| 0 eng d
020 _a9780295989310
_c1956.00
024 _a44,835
037 _bGift, Window on Korea
_cTextual
040 _aEASL
_cEASL
_beng
041 _2eng
_aeng
082 _aV495.M64, P7
100 _aKim Sun joo
_9671835
245 0 _aMarginality and subversion in Korea
_b The Hong Kyongnae rebellion of 1812
260 _aLondon
_bUniversity of Washington Press
_c2007
300 _a304p.
_ccm.
490 _v KEL
650 _aKEL
942 _hV495.M64, P7
_cTEXL
_2CC
999 _c1112927
_d1112927